[Event "Madrid-chT 1011"]
[Site "Madrid"]
[Date "2010.11.22"]
[Round "1.26"]
[White "Collado Barbas, Laura"]
[Black "Sagredo Viana, Jose Manuel"]
[Result "1-0"]
[WhiteElo "2040"]
[BlackElo "2064"]
[PlyCount "67"]
[EventDate "2010.11.21"]
[EventType "team-tourn"]
[EventRounds "14"]
[EventCountry "ESP"]
[SourceTitle "EXT 2012"]
[Source "ChessBase"]
[SourceDate "2011.11.24"]
[SourceVersion "1"]
[SourceVersionDate "2011.11.24"]
[SourceQuality "1"]
[WhiteTeam "Moratalaz"]
[BlackTeam "La Casa del Ajedrez"]
[WhiteTeamCountry "ESP"]
[BlackTeamCountry "ESP"]

1. d4 Nf6 2. c4 c5 3. d5 b5 4. cxb5 a6 5. bxa6 g6 6. Nc3 Bxa6 7. Nf3 d6 8. g3 Bg7 9. Bg2 0-0 10. 0-0 Nbd7 11. Rb1 Qa5 12. Bd2 Rfb8 13. Qc2 Bb7 14. Rfe1 Ng4 15. b3 Nge5 16. Nxe5 Nxe5 17. a4 Ba6 18. Na2 Qd8 19. h3 Ra7 20. Bc3 Bc8 21. f4 Nd7 22. Bxg7 Kxg7 23. e4 Nf6 24. Nc3 Qb6 25. Kh2 Qb4 26. e5 Nh5 27. Nb5 Rxb5 28. axb5 Qxb5 29. exd6 exd6 30. Qc3+ Nf6 31. g4 Qb4 32. Qxb4 cxb4 33. Rbc1 Ra8 34. Rc7 1-0